000 01896nam a22003614a 4500
001 ebr10152613
003 CaPaEBR
006 m u
007 cr cn|||||||||
008 051121s2006 caub sb 000 0 eng
010 _z 2005034076
020 _z0833038117 (pbk. : alk. paper)
040 _aCaPaEBR
_cCaPaEBR
035 _a(OCoLC)154236731
043 _aawba---
_aawgz---
_aa-is---
050 1 4 _aDS119.76
_b.H84 2006eb
082 0 4 _a956.05/3
_222
100 1 _aHunter, Robert Edwards,
_d1940-
245 1 0 _aBuilding a successful Palestinian state
_h[electronic resource] :
_bsecurity /
_cRobert E. Hunter, Seth G. Jones.
260 _aSanta Monica, CA :
_bRAND Corporation,
_c2006.
300 _axii, 72 p. :
_bcol. map.
500 _a"MG-146/2."
504 _aIncludes bibliographical references (p. 69-72).
505 0 _aBorder arrangements -- International force -- Palestinian military forces -- Israeli settlements -- Intelligence, monitoring, enforcement, and dispute -- Resolution provisions -- Special security issues regarding Jerusalem -- External security environment -- Conclusion -- Appendix -- A. security issues and the Arab-Israeli peace process, 1967/2003 -- B. "Clinton parameters" (presented by President Bill Clinton to the Israeli and -- Palestinian negotiators on December 23, 2000).
533 _aElectronic reproduction.
_bPalo Alto, Calif. :
_cebrary,
_d2013.
_nAvailable via World Wide Web.
_nAccess may be limited to ebrary affiliated libraries.
650 0 _aArab-Israeli conflict
_y1993-
_xPeace.
650 0 _aPalestinian Arabs
_xPolitics and government.
650 0 _aNational security
_zIsrael.
655 7 _aElectronic books.
_2local
700 1 _aJones, Seth G.,
_d1972-
710 2 _aebrary, Inc.
856 4 0 _uhttp://site.ebrary.com/lib/rucke/Doc?id=10152613
_zAn electronic book accessible through the World Wide Web; click to view
999 _c192451
_d192451